| 000 | 00000nam 2200000za 4500 |
| 001 | 9.696975 |
| 003 | CaOODSP |
| 005 | 20250506145324 |
| 007 | cr ||||||||||| |
| 008 | 150407|1991||||xxc|||||o f|0| 0 eng d |
| 040 | |aCaOODSP|beng |
| 043 | |an-cn--- |
| 086 | 1 |aA53-1862/1991E-PDF |
| 110 | 1 |aCanada.|bAgriculture Canada. |
| 245 | 10|aIrrigated pastures in western Canada / |h[electronic resource]|c[by] D. B. Wilson and L. M. Rode. |
| 260 | |aOttawa - Ontario : |bAgriculture Canada |cc1991. |
| 300 | |a28p.|bgraphs, tables, photographs |
| 500 | |aHistorical publication digitized by Agriculture and Agri-Food Canada. "Previously published as 1526/E under the title Irrigated pastures for cattle in western Canada"--p. 3 of 28. |
| 590 | |a12-43-Supp|b2012-12-07 |
| 690 | 07|aForage crops|2gcpds |
| 690 | 07|aIrrigation|2gcpds |
| 775 | 08|tPâturages irrigués dans l'Ouest canadien / |w(CaOODSP)9.641049 |
| 776 | 0#|tIrrigated pastures in western Canada / |w(CaOODSP)9.644950 |
| 795 | |tIrrigated pastures for cattle in Western Canada / |w(CaOODSP)9.699458 |
| 856 | 40|ahttp://publications.gc.ca|qPDF|s2.12 MB|uhttps://publications.gc.ca/collections/collection_2012/agr/A53-1862-1991-eng.pdf |
| 986 | |a1862/E |